Catálogo
 En Linea

Blanco spirituals : (Registro nro. 5250)

Detalles MARC
000 -CABECERA
campo de control de longitud fija 00911cam a2200253 a 4500
001 - NÚMERO DE CONTROL
campo de control 000005450
005 - FECHA Y HORA DE LA ÚLTIMA TRANSACCIÓN
campo de control 20200929151701.0
008 - DATOS DE LONGITUD FIJA--INFORMACIÓN GENERAL
campo de control de longitud fija 990129s1998 sp a b 000|p spa
020 ## - NÚMERO INTERNACIONAL ESTÁNDAR DEL LIBRO
Número Internacional Estándar del Libro 8437616891
040 ## - FUENTE DE LA CATALOGACIÓN
Centro catalogador/agencia de origen DO-SdBNP
Centro/agencia transcriptor DLC
Centro/agencia modificador DLC
082 ## - NÚMERO DE LA CLASIFICACIÓN DECIMAL DEWEY
Número de clasificación 861.6
Número de documento/Ítem G751b
100 1# - ENTRADA PRINCIPAL--NOMBRE DE PERSONA
Nombre de persona Grande, Félix,
Fechas asociadas al nombre 1937-
9 (RLIN) 15483
245 10 - MENCIÓN DE TÍTULO
Título Blanco spirituals :
Resto del título las rubáiyátas de Horacio Martín /
Mención de responsabilidad, etc. Félix Grande ; edición de Manuel Rico.
260 ## - PUBLICACIÓN, DISTRIBUCIÓN, ETC.
Lugar de publicación, distribución, etc. Madrid :
Nombre del editor, distribuidor, etc. Cátedra,
Fecha de publicación, distribución, etc. 1998.
300 ## - DESCRIPCIÓN FÍSICA
Extensión 285 p. :
Otras características físicas il. ;
Dimensiones 18 cm.
490 1# - MENCIÓN DE SERIE
Mención de serie Letras hispánicas
Designación de volumen o secuencia no. 446
504 ## - NOTA DE BIBLIOGRAFÍA, ETC.
Nota de bibliografía, etc. Incluye referencias bibliográficas (p. 97-106).
600 10 - PUNTO DE ACCESO ADICIONAL DE MATERIA--NOMBRE DE PERSONA
Nombre de persona GRANDE FÉLIX
Fechas asociadas al nombre 1937-
Subdivisión general CRÍTICA E INTERPRETACIÓN
9 (RLIN) 15484
650 #4 - PUNTO DE ACCESO ADICIONAL DE MATERIA--TÉRMINO DE MATERIA
Término de materia o nombre geográfico como elemento de entrada Poesía española
9 (RLIN) 631
650 #4 - PUNTO DE ACCESO ADICIONAL DE MATERIA--TÉRMINO DE MATERIA
Término de materia o nombre geográfico como elemento de entrada Literatura española
9 (RLIN) 632
700 1# - PUNTO DE ACCESO ADICIONAL--NOMBRE DE PERSONA
Nombre de persona Rico Rego, Manuel,
Fechas asociadas al nombre 1952-
Término indicativo de función/relación ed.
9 (RLIN) 15485
830 #0 - PUNTO DE ACCESO ADICIONAL DE SERIE-TÍTULO UNIFORME
Título uniforme Letras hispánicas ;
Designación de volumen o secuencia no. 446
9 (RLIN) 4208
910 ## - DATOS DE OPCIÓN DEL USUARIO (OCLC)
Datos de opción del usuario Catalogación por copia / LC
-- WM
Existencias
Estado de retiro Estado de pérdida Restricciones de uso No para préstamo Código de colección Localización permanente Ubicación/localización actual Ubicación en estantería Fecha de adquisición Número de inventario Total de préstamos Signatura topográfica completa Código de barras Fecha visto por última vez Precio válido a partir de Tipo de ítem Koha
    Préstamo interno   Monografías: Libros y Folletos General General Depósito 19.08.2009 LF1   861.6 G751b 5450-10 25.06.2020 25.06.2020 Préstamo interno

Con tecnología Koha